| 000 | 01104nam a2200313 i 4500 | ||
|---|---|---|---|
| 003 | EG-GICUC | ||
| 005 | 20260121101447.0 | ||
| 008 | 251210s1959 fr b|||fr|||| 00| 0 fre d | ||
| 040 |
_aEG-GiCUC _bfre _cEG-GiCUC _dEG-GiCUC _eRda |
||
| 041 | _afre | ||
| 082 | 0 | 4 |
_221 _a341.23 _bVE . O |
| 092 | 0 | 4 | _221 |
| 099 | _aLaw1 11 341.23 VE . O 1959 | ||
| 100 | 1 |
_aVellas, Pierre. _eAuteur |
|
| 245 | 1 | 2 |
_aL’organisation des Nations Unies et le développement communautaire des régions retardées / _cPar Pierre Vellas ; Preface M. Maurice Milhaud. |
| 264 | 1 |
_aParis : _bSirey, _c1959 . |
|
| 300 |
_a131 page : _bMaps ; _c24 cm. |
||
| 336 |
_2rda contenu _a texte |
||
| 337 |
_2rda medias _aOrdinateur |
||
| 338 |
_2 transporteur rda _a Ressource en ligne |
||
| 504 | _aBibliographic references | ||
| 546 | _aTexte en français | ||
| 650 | 1 | 4 |
_aOrganisation des Nations Unies _xDroit international public _2qrmak |
| 651 | 1 | _2qrmak | |
| 700 | 1 |
_aMilhaud, M. Maurice _ePréfacier |
|
| 856 | 4 | 0 | _uhttps://fll.law.cu.edu.eg/fulltext/bks/B11-05070.pdf |
| 905 |
_a75 _eHassnaa |
||
| 942 |
_2ddc _n0 _cBK _e21 |
||
| 999 |
_c49469 _d49469 |
||